| 000 | 00638nam a2200217 i 4500 | ||
|---|---|---|---|
| 001 | 36814 | ||
| 003 | ES-MaACL | ||
| 005 | 20231215062948.0 | ||
| 007 | t| | ||
| 008 | 030219s1975 sp ||||1| spa d | ||
| 020 | _a84-7014-164-3 | ||
| 080 | _a929:396 | ||
| 100 | 1 |
_aBravo-Villasante, Carmen, _d1918-1994 _931507 |
|
| 245 | 1 | 0 |
_a25 mujeres a través de sus cartas / _cCarmen Bravo-Villasante. |
| 246 | 3 | _aVeinticinco mujeres a través de sus cartas | |
| 260 |
_a[Madrid : _bAlmena, _c1975] |
||
| 300 |
_a225 p. : _bil. ; _c22 cm. |
||
| 650 | 4 |
_aMujeres- _xBiografías. _915255 |
|
| 852 | 4 |
_aES-MaACL _jA-5583 |
|
| 999 |
_c36814 _d36814 |
||